书目信息 |
| 题名: |
橱窗装潢图案
|
|
| 作者: | 向际纯 绘 | |
| 分册: | ||
| 出版信息: | 上海 上海人民美术出版社 1982 |
|
| 页数: | 142页 | |
| 开本: | 19cm | |
| 丛书名: | ||
| 单 册: | ||
| 中图分类: | J228.1 | |
| 科图分类: | ||
| 主题词: | 橱窗布置--中国--现代--图集 , 绘画--中国 | |
| 电子资源: | ||
| ISBN: | ||
| 000 | 00672nam0 2200241 45 | |
| 001 | 0182007843 | |
| 005 | 20060418104333.73 | |
| 010 | @dCNY0.37 | |
| 091 | @a8081.12805 | |
| 100 | @a19950601d1982 em y0chiy0121 ea | |
| 101 | 0 | @achi |
| 102 | @aCN@b310000 | |
| 105 | @aa z 000yy | |
| 200 | 10 | @a橱窗装潢图案@Achu chuang zhuang huang tu an@f向际纯等绘@Fxiang ji chun deng hui |
| 210 | @a上海@c上海人民美术出版社@d1982 | |
| 215 | @a142页@d19cm | |
| 606 | @a橱窗布置@y中国@z现代@x图集 | |
| 606 | 0 | @a绘画@x中国 |
| 690 | @aJ228.1@v4 | |
| 701 | 0 | @a向际纯@Axiang ji chun@4绘 |
| 801 | 0 | @aCN@bTSSF@c20060418 |
| 801 | 2 | @aCN@bNLC@c20060315 |
| 905 | @a10447@dJ228.1@e62 | |
| 橱窗装潢图案/向际纯等绘.-上海:上海人民美术出版社,1982 |
| 142页;19cm |
| ISBN :CNY0.37 |
| ● |
| 相关链接 |
|
|
|
|
正题名:橱窗装潢图案
索取号:J228.1/62
 
预约/预借
| 序号 | 登录号 | 条形码 | 馆藏地/架位号 | 状态 | 备注 |
| 1 | 0083432 | 202248200 | 密集书库/ [索取号:J228.1/62] | 在馆 | |
| 2 | 0083433 | 202206549 | 密集书库/ [索取号:J228.1/62] | 在馆 | |
| 3 | 0083434 | 202206585 | 密集书库/ [索取号:J228.1/62] | 在馆 |